000 00654nam a2200181Ia 4500
008 100921s9999 xx 000 0 und d
082 _b21931
_a891.463 थ 86
100 _aवाळिंबे शरदचंद्र.
245 _aजालीम.
260 _bमनमोहिनी प्रकाशन,पुणे.
_c1986
300 _a172
_bशिल्पा बुक सर्व्हिस,तळेगांव दाभाडे
365 _b50
520 _aललित-कादंबरी.
630 _aजालीम.
650 _aललित-कादंबरी.
730 _aजालीम.
942 _cBOOK
999 _c771044
_d771041